000 01227nam a2200409 c 4500
999 _c51189
_d51189
001 51189
003 ES-MaCES
005 20251115040004.0
008 190312s2019 sp 000 ||spa
017 _aB 2605-2019
_bDL
020 _a9788490903483
020 _a9788490903490 (electrónico)
040 _aES-MaCES
_bspa
_cES-MaCES
245 0 3 _aEl régimen jurídico del turismo colaborativo
_cdir., Humberto Gosálbez Pequeño
250 _a1ª ed
260 _aLas Rozas (Madrid)
_bWolters kluwer
_c2019
300 _a345 p.
_c24 cm
500 _aPrecede al tít.: Bosch
504 _aBibliografía
541 _cCompra
650 4 _aturismo
_927890
650 4 _aalojamiento
_930192
650 4 _avivienda
_928598
650 4 _atransportes
_928016
650 4 _aeconomía colaborativa
_937923
650 4 _aderecho mercantil
_927157
650 4 _aderecho fiscal
_927162
650 4 _aderecho civil
_927156
650 4 _aderecho del trabajo
_927165
650 4 _aderecho administrativo
_927155
650 4 _aEspaña
_926964
650 4 _arégimen jurídico
_929894
653 1 0 _aTurismo
700 1 _939516
_aGosálbez Pequeño, Humberto
_edir.
902 _aLIB Libro
942 _2CES
_cBK
_h5.2.